000 00669cam a2200205 4500500
005 20260405001644.0
041 _afre
042 _adc
100 1 0 _aEltchaninoff, Michel
_eauthor
245 0 0 _aEmmanuel Carrère : « Nous sommes prisonniers de notre petite personne »
260 _c2013.
500 _a56
690 _aEmmanuel Carrère
690 _aLimonov
690 _aMichel Eltchaninoff
690 _aPlusieurs vies en une
690 _aUchronie
786 0 _nPhilosophie magazine | 75 | 12 | 2013-12-01 | p. 29-31 | 1951-1787
856 4 1 _uhttps://shs.cairn.info/magazine-philosophie-magazine-2013-12-page-29?lang=fr&redirect-ssocas=7080
999 _c2049740
_d2049740